Preventing catastrophic events in construction (Record no. 111925)
[ view plain ]
| 000 -LEADER | |
|---|---|
| fixed length control field | 01555cad a22002775a 4500 |
| 001 - CONTROL NUMBER | |
| control field | L152220 |
| 008 - FIXED-LENGTH DATA ELEMENTS--GENERAL INFORMATION | |
| fixed length control field | 110211e20111027xxk f f000 0 eng d |
| 035 ## - SYSTEM CONTROL NUMBER | |
| System control number | (Sirsi) u152220 |
| 041 0# - LANGUAGE CODE | |
| Language code of text/sound track or separate title | eng |
| 100 1# - MAIN ENTRY--PERSONAL NAME | |
| Personal name | Gilbertson, Alan |
| 245 00 - TITLE STATEMENT | |
| Title | Preventing catastrophic events in construction |
| Medium | [electronic resource] |
| 260 ## - PUBLICATION, DISTRIBUTION, ETC. | |
| Place of publication, distribution, etc. | [S.l.] |
| Name of publisher, distributor, etc. | HSE |
| Date of publication, distribution, etc. | 2011 |
| 490 #0 - SERIES STATEMENT | |
| Series statement | HSE Research Report |
| Volume/sequential designation | RR834 |
| 520 ## - SUMMARY, ETC. | |
| Summary, etc. | The construction industry recognises the hazardous nature of its activities, which manifests itself in the high toll of accidents its workers suffer compared with other industries. This project looks at the risks of "catastrophic events" in the UK construction industry: the types of catastrophic event which have occurred or which might occur during construction, the reasons for occurrence when there have been (or could have been) catastrophic events during construction, including an examination of the underlying factors, the controls which should contribute to an avoidance of a catastrophic event, where the UK construction industry could improve. |
| 590 ## - LOCAL NOTE (RLIN) | |
| Local note | KA NTK |
| 651 #4 - SUBJECT ADDED ENTRY--GEOGRAPHIC NAME | |
| Geographic name | Great Britain |
| Chronological subdivision | 1707- |
| 690 ## - LOCAL SUBJECT ADDED ENTRY--TOPICAL TERM (OCLC, RLIN) | |
| Topical term or geographic name as entry element | Health and safety |
| 9 (RLIN) | 6244 |
| 700 1# - ADDED ENTRY--PERSONAL NAME | |
| Personal name | Kappia, Joseph |
| 700 1# - ADDED ENTRY--PERSONAL NAME | |
| Personal name | Bosher, Lee |
| 700 1# - ADDED ENTRY--PERSONAL NAME | |
| Personal name | Gibb, Alistair |
| 710 1# - ADDED ENTRY--CORPORATE NAME | |
| Corporate name or jurisdiction name as entry element | Great Britain |
| Subordinate unit | Health and Safety Executive |
| 710 1# - ADDED ENTRY--CORPORATE NAME | |
| Corporate name or jurisdiction name as entry element | Construction Industry Research and Information Association |
| 9 (RLIN) | 4810 |
| 710 1# - ADDED ENTRY--CORPORATE NAME | |
| Corporate name or jurisdiction name as entry element | Loughborough University |
| 9 (RLIN) | 3508 |
| 856 40 - ELECTRONIC LOCATION AND ACCESS | |
| Uniform Resource Identifier | <a href="https://www.hse.gov.uk/research/rrpdf/rr834.pdf">https://www.hse.gov.uk/research/rrpdf/rr834.pdf</a> |
| Public note | View the item free of charge at www.hse.gov.uk |
| 942 ## - ADDED ENTRY ELEMENTS (KOHA) | |
| Suppress in OPAC | 0 |
| Withdrawn status | Lost status | Source of classification or shelving scheme | Damaged status | Not for loan | Home library | Current library | Shelving location | Date acquired | Total Checkouts | Full call number | Barcode | Date last seen | Copy number | Price effective from | Koha item type |
|---|---|---|---|---|---|---|---|---|---|---|---|---|---|---|---|
| Dewey Decimal Classification | Virtual | Virtual | Online | 11/02/2011 | ONLINE PUBLICATION | 152220-2001 | 06/08/2019 | 1 | 06/08/2019 | Book |